Click the Odd Country - Statistics

General Stats
  • This quiz has been taken 200 times
  • The average score is 93 of 135
Answer Stats
Question Tile Select % Correct
Countries with the Highest Population Indonesia No
91%
Countries with the Highest Population Pakistan No
91%
Countries with the Highest Population Bangladesh No
90%
Countries with the Highest Population Brazil No
90%
Countries with the Highest Population Nigeria No
89%
Countries with the Highest Population United States No
88%
Countries with the Highest Population India No
85%
Largest Countries Australia No
83%
Countries with the Highest Population China No
83%
Largest Countries Brazil No
82%
Countries with Yellow on the Flag Burkina Faso No
82%
Island Countries Sri Lanka No
82%
Landlocked Countries Bolivia No
81%
Largest Countries Canada No
81%
Island Countries Cape Verde No
81%
Landlocked Countries Ethiopia No
81%
Island Countries Iceland No
81%
Island Countries Madagascar No
81%
Island Countries Mauritius No
81%
Island Countries New Zealand No
81%
Largest Countries United States No
81%
Landlocked Countries Austria No
80%
Largest Countries China No
80%
Countries with Yellow on the Flag Kyrgyzstan No
80%
Landlocked Countries Moldova No
80%
Landlocked Countries North Macedonia No
80%
Largest Countries Russia No
80%
Island Countries Singapore No
80%
Landlocked Countries Zimbabwe No
80%
Countries with the Highest Population Australia Yes
79%
Muslim Majority Countries Bangladesh No
79%
Countries with Yellow on the Flag Guyana No
79%
Landlocked Countries Afghanistan No
78%
Island Countries Bahrain No
78%
Countries bordering Russia Georgia No
78%
Muslim Majority Countries Kyrgyzstan No
78%
Landlocked Countries Laos No
78%
Muslim Majority Countries Maldives No
78%
Muslim Majority Countries Pakistan No
78%
Muslim Majority Countries Tunisia No
78%
Countries with a Capital City starting with D Bangladesh No
77%
Muslim Majority Countries Indonesia No
77%
Countries bordering Russia Mongolia No
77%
Countries bordering Russia Belarus No
76%
Largest Countries India No
76%
Countries bordering Russia Lithuania No
76%
Countries with Yellow on the Flag Myanmar No
76%
Countries part of the EU Ireland No
75%
Countries with a Capital City starting with D Senegal No
75%
Countries with Yellow on the Flag Tuvalu No
75%
Countries part of the EU Croatia No
74%
Countries with a Capital City starting with D Ireland No
74%
Countries bordering Russia Poland No
74%
Countries with a Capital City starting with D Syria No
74%
Countries with a Capital City starting with D Tanzania No
74%
Countries bordering Russia Azerbaijan No
73%
Countries with Yellow on the Flag Bosnia and Herzegovina No
73%
Countries with a Capital City starting with D East Timor No
73%
Countries part of the EU Luxembourg No
73%
Countries bordering Russia North Korea No
73%
Countries with a Capital City starting with D Qatar No
73%
Countries with Yellow on the Flag South Africa No
73%
Countries part of the EU Estonia No
72%
Countries part of the EU Malta No
72%
Spanish speaking Countries Paraguay No
72%
Countries with a Capital City starting with D Tajikistan No
72%
Countries without rivers Comoros No
71%
Countries part of the EU Finland No
71%
Muslim Majority Countries Kosovo No
71%
Countries without rivers Nauru No
71%
Countries bordering Russia Norway No
71%
Spanish speaking Countries Bolivia No
70%
Countries on the Southern Hemisphere East Timor No
70%
Countries without rivers Malta No
70%
Spanish speaking Countries Panama No
70%
Island Countries Qatar Yes
70%
Countries on the Southern Hemisphere Tuvalu No
70%
Countries part of the EU Bulgaria No
69%
Spanish speaking Countries Costa Rica No
69%
Spanish speaking Countries Cuba No
69%
Spanish speaking Countries El Salvador No
69%
Countries on the Southern Hemisphere Fiji No
69%
Muslim Majority Countries Guinea No
69%
Countries without rivers Kuwait No
69%
Countries on the Southern Hemisphere Namibia No
69%
Countries without rivers Oman No
69%
Countries on the Southern Hemisphere Papua New Guinea No
69%
Countries on the Southern Hemisphere Bolivia No
67%
Landlocked Countries Bosnia and Herzegovina Yes
67%
Spanish speaking Countries Dominican Republic No
67%
Countries without rivers United Arab Emirates No
67%
Countries on the Southern Hemisphere Comoros No
66%
Highest GDP per Capita Luxembourg No
65%
Highest GDP per Capita Singapore No
65%
Countries without rivers Monaco No
64%
Highest GDP per Capita Monaco No
64%
Countries on the Southern Hemisphere Rwanda No
64%
Countries without rivers Saudi Arabia No
64%
Highest GDP per Capita Switzerland No
64%
Countries part of the EU Cyprus No
62%
Highest GDP per Capita Liechtenstein No
62%
Highest GDP per Capita Qatar No
62%
Countries bordering Russia Sweden Yes
61%
Highest Average Elevation Bhutan No
60%
Spanish speaking Countries Equatorial Guinea No
60%
Highest Average Elevation Tajikistan No
60%
Highest GDP per Capita United Arab Emirates No
60%
Highest Average Elevation Andorra No
59%
Largest Countries Argentina No
59%
Highest Average Elevation Kyrgyzstan No
59%
Countries with a Capital City starting with D United Arab Emirates Yes
59%
Spanish speaking Countries Jamaica Yes
57%
Highest Average Elevation Liechtenstein No
56%
Countries with Yellow on the Flag Mexico No
56%
Highest Average Elevation Nepal No
56%
Highest Average Elevation Afghanistan No
55%
Muslim Majority Countries Armenia Yes
54%
Lowest Population Density Australia No
54%
Lowest Population Density Canada No
54%
Lowest Population Density Mongolia No
54%
Lowest Population Density Namibia No
54%
Lowest Population Density Libya No
52%
Lowest Population Density Mauritania No
52%
Largest Countries Mexico Yes
51%
Lowest Population Density Iceland No
49%
Highest Average Elevation Lesotho No
47%
Lowest Population Density Botswana No
46%
Countries on the Southern Hemisphere Sri Lanka Yes
46%
Highest GDP per Capita Ireland No
45%
Countries part of the EU Andorra Yes
40%
Countries without rivers Jordan Yes
27%
Highest Average Elevation Norway Yes
27%
Highest GDP per Capita Japan Yes
25%
Countries with Yellow on the Flag Burundi Yes
23%
Lowest Population Density Madagascar Yes
19%
No matching quizzes found
Score Distribution
Percent of People with Each Score
Percentile by Number Answered
Your Score History
You have not taken this quiz